000 00490nam a2200193 a 4500
001 1767512548455
003 ACL
005 20260104131434.0
008 260104s2002##################000#0#eng##
020 _a9780399527890
082 0 4 _a649.125
_bEDG
100 1 _aEdgette, Janet Sasson,
_eauthor.
245 1 0 _aStop Negotiating with Your Teen :
260 _bPenguin,
_c2002.
300 _a202 pages
650 0 _aFamily & Relationships.
942 _cENGLISH
040 _aACL
_beng
_cACL
999 _c607161
_d607161